Geography Quiz

Random Geography or Blitz Quiz

Speed Geography Quiz Stats

Quiz Updated May 29, 2018

Also try: Speed Gaming
Challenge
Share
Tweet
Embed
Score 0/50 Timer 03:00
111 Plays Today
Question Answer % Correct
????
100%
????
95.4%
????
93.8%
????
93.6%
????
92.2%
????
91.7%
????
87.4%
????
85.1%
????
84.7%
????
84.4%
????
84%
????
81.9%
????
81.1%
????
77.4%
????
76.1%
????
72.4%
????
71%
????
69.7%
????
68%
????
64.2%
????
62.4%
????
60.9%
????
59.2%
????
57.3%
????
46.9%
Question Answer % Correct
????
45.8%
????
44.1%
????
43.6%
????
41.9%
????
40.1%
????
39%
????
37.5%
????
34.5%
????
31.7%
????
29.9%
????
28.6%
????
27.6%
????
26.3%
????
23.3%
????
22.3%
????
20.9%
????
19.5%
????
17.8%
????
16.6%
????
15.5%
????
13.3%
????
12.3%
????
11.4%
????
9.9%
????
7.9%

You're not logged in!

Compare scores with friends on all Sporcle quizzes.
Join for Free
OR
Log In

You Might Also Like...

Show Comments

Extras

Top Quizzes Today


Score Distribution

Your Account Isn't Verified!

In order to create a playlist on Sporcle, you need to verify the email address you used during registration. Go to your Sporcle Settings to finish the process.

Report this User

Report this user for behavior that violates our Community Guidelines.

Details: